LEADER 01209nam a2200313 u 4500 001 000000040829 003 CaOOAMICUS 005 20201207114517.0 008 980716s1987 it u000 u ita u 020 $a8814010498 032 $aLibriCat 035 $a10800040 040 $aMSA$bita$dPUL 100 1 $aLuminoso, Angelo.$0(OLS)http://pul/name/30090 245 13$aLa vendita con riscatto :$bArtt. 1500-1509 /$cAngelo Luminoso. 260 $aMilano :$bGiuffrè,$c1987. 300 $axiii, 491 p. ;$c25 cm 490 1 $aIl Codice civile.$aCommentario 500 $aContiene indici. 505 0 $aArtt. 1500-1509. 650 4$aCompravendita (diritto).$0(OLS)http://pul/subject/5705 830 3$aIl Codice civile.$pCommentario.$0(OLS)http://pul/title/53143 850 $aPUL 852 $aPUL$W1$xSL Diritto e Scienze Sociali 3$y79$m300 A 1.1500$j55423$nBK-PRI$b $qDDC 21$B55423$CPULBib$Z2$F55423 $H86368 $82 941 1 $a9 996 $6020$a8814010498$9(OLS)http://pul/number/50689 996 $6245$aLa vendita con riscatto :$bArtt. 1500-1509$9(OLS)http://pul/title/55052 996 $6260$aMilano :$bGiuffrè$9(OLS)http://pul/publisher/48401 LEADER 01573nam a2200349 a 4500 001 000000174116 003 CaOOAMICUS 005 20210111133130.0 008 210111s2002 ph u001 u eng r 020 $a978-0-88344-921-9 032 $aLibriCat 040 $aPUL$bita 082 04$a282.5 245 04$aThe future of the Asian churches : $bthe Asian Synod and Ecclesia in Asia / $cJames H. Kroeger, Peter C. Phan. 246 05$aAsian churches 260 $aQuezon City (Filippine) :$bClaretian Publications,$c©2002. 300 $aviii, 206 p. ;$c23 cm 504 $aInclude riferimenti bibliografici ed indice. 610 24$aChiesa cattolica$zAsia.$0(OLS)http://pul/subject/2179 650 4$aMissioni$zAsia.$0(OLS)http://pul/subject/25679 700 1 $aKroeger, James H.$0(OLS)http://pul/name/103841 700 1 $aPhan, Peter C.$0(OLS)http://pul/name/26365 711 22$aAsian Synod $d(1998 :$cRome).$0(OLS)http://pul/name/111863 850 $aPUL 852 $aPUL$W1$xDP2 Religione 3$y114$m282. 5 KROJA 1$j198397$qDDC 21$B203001$CPULBib$Z2$F203001 $H134683 $82 941 1 $a9 996 $6020$a978-0-88344-921-9$9(OLS)http://pul/number/167944 996 $6082$a282.5$9(OLS)http://pul/classification/3313 996 $6245$aThe future of the Asian churches : $bthe Asian Synod and Ecclesia in Asia / $9(OLS)http://pul/title/215341 996 $6246$aAsian churches$9(OLS)http://pul/title/215342 996 $6260$aQuezon City (Filippine) :$bClaretian Publications$9(OLS)http://pul/publisher/82220